Friends en 10 courtes vidéos #3 - Statistiques

Statistiques générales
  • Ce quiz a été pris 130 fois
  • Le résultat moyen est 7 sur 10
Statistiques - réponses
Vidéo Question Réponse % Correct
Question éliminatoire (1 seule erreur tolérée), qui tient le canapé dans cet extrait avec Ross et Chandler ? Rachel
96%
Dans cet extrait, deux brutes ne veulent pas laisser le canapé du Central Perk à Ross et Chandler, ce qui provoque un clash. Que vole l'un d'eux à Chandler dans cet épisode ? casquette
83%
De quelle maladie Phoebe se cache t-elle dans cet extrait ? Varicelle
76%
De quel aliment Monica est elle chargée d'utiliser un substitut totalement synthétique dans ses recettes pour promouvoir une nouvelle marque ? Chocolat (la marque Mokola en vf et Mockolate en vo)
71%
Qu'est ce qui est à Phoebe et qui est en train de brûler dans cet extrait ? Maison de poupée
67%
À qui sont les lunettes à double foyer que Ross porte dans cet extrait ? Leonard Green / le père de Rachel
62%
De quel instrument joue Ross dans cet extrait ? Cornemuse
59%
De quoi souffre Joey dans cet extrait (en dehors du rôle qu'il joue sur le tournage et qui va servir à faire pleurer l'enfant qui n'y arrivait pas) ? hernie
57%
Qui voit on également apparaitre déguiser en princesse Leia dans la suite de cette scène ? Judy Geller / la mère de Ross
55%
À quel jeu Ross est il en train de jouer au moment où Paolo et Rachel arrivent ? Monopoly
46%
Aucun quiz correspondant
Distribution des résultats
% des personnes avec chaque résultat
Percentile par nombre de réponses
Votre historique - résultats
Vous n’avez pas pris ce quiz